=LDR 00000nam 2200000 4500 =001 INLIS000000000023215 =005 20150310103822.0 =006 =007 =008 Ind =035 ##$$0010-061300000023215 =041 ##$$a Ind =082 ##$$a 658.15 =090 ##$$a 658.15, Has-m =100 ##$$a Hasibuan, H. Malayu S.P =245 ##$$a Manajemen Perbankan, Dasar dan kunci kehidupan perekonomian, H. Malayu S.P. Hasibuan =260 ##$$a 1994 $b Jakarta =300 ##$$a xii, 284 hlm., ilus, 21 cm =650 ##$$a Manajemen Keuangan =850 ##$$a NBPNMAT